| 000 | 00529nam a22001817a 4500 | ||
|---|---|---|---|
| 005 | 20260506131958.0 | ||
| 008 | 260506b |||||||| |||| 00| 0 eng d | ||
| 020 |
_a9781403936332 _qhbk |
||
| 041 | _aeng | ||
| 082 | _a341.2422 BEA | ||
| 100 | _aBeach, Derek | ||
| 245 |
_aThe Dynamics of European Integration: _bWhy and When EU Institutions Matter _c/Derek Beach; |
||
| 260 |
_aNew York _bPalgrave Macmillan _c2005 |
||
| 300 |
_axii, 304p. : _c25cm. |
||
| 504 | _aBib and Ref | ||
| 650 | _aLaw of nations | ||
| 942 | _cENGLISH | ||
| 999 |
_c622657 _d622657 |
||